Obrabotka metallov davleniem /

Enregistré dans:
Détails bibliographiques
Auteurs principaux: Bezručko, I.I (Auteur), Zubcov, M.E (Auteur), Balakina, L.M (Auteur)
Format: Livre
Langue:russe
Publié: Leningrad : Mašinostrojenije, 1967
Sujets:
Tags: Ajouter un tag
Pas de tags, Soyez le premier à ajouter un tag!

MARC

LEADER 00000nam a22000003a 4500
001 stu34750
005 20150617225730.4
008 920325s1967----xxr-----------------rus-d
040 |a STU  |b slo 
041 0 |a rus 
044 |a xxr 
080 |a 621.77 
100 1 |a Bezručko, I.I  |4 aut 
245 1 |a Obrabotka metallov davleniem /  |c [aut.]I.I. Bezručko, M.E. Zubcov, L.M. Balakina 
260 |a Leningrad :  |b Mašinostrojenije,  |c 1967 
300 |a 310 s 
650 7 |a Tvárnenie tlakové  |2 stusub 
700 1 |a Zubcov, M.E  |4 aut 
700 1 |a Balakina, L.M  |4 aut 
996 |b 284M061771  |c M*3026-1  |l MMKN  |s A  |a 24  |w stu34750_0001